OPAC Home

ජයරත්න කුමාරයාගේ සහ පහන්තරු කුමරියගේ කථාව (Record no. 89511)

MARC details
000 -LEADER
fixed length control field 00615nam a2200193Ia 4500
003 - CONTROL NUMBER IDENTIFIER
control field LK-CoDNM
008 - FIXED-LENGTH DATA ELEMENTS--GENERAL INFORMATION
fixed length control field 010623t1918 xxu||||| |||| 00| 1 sin d
040 ## - CATALOGING SOURCE
Original cataloging agency LK-CoDNM
Modifying agency LK-CoDNM
Description conventions LK-CoDNM
041 ## - LANGUAGE CODE
Language code of text/sound track or separate title Sinhala; Sinhalese
080 ## - UNIVERSAL DECIMAL CLASSIFICATION NUMBER
Universal Decimal Classification number 104 J 20
942 ## - ADDED ENTRY ELEMENTS (KOHA)
Koha item type Books
100 ## - MAIN ENTRY--PERSONAL NAME
Personal name Gunathilaka,D.J.W.
245 ## - TITLE STATEMENT
Title ජයරත්න කුමාරයාගේ සහ පහන්තරු කුමරියගේ කථාව
246 ## - VARYING FORM OF TITLE
Title proper/short title Jayaratna Kumarayage and Pahan Taru Kumariyage Kathaawa
260 ## - PUBLICATION, DISTRIBUTION, ETC. (IMPRINT)
Name of publisher, distributor, etc. Sevya Sri
Place of publication, distribution, etc. Maradana
Date of publication, distribution, etc. 1918
300 ## - PHYSICAL DESCRIPTION
Other physical details 20p, 21 cm
650 ## - SUBJECT ADDED ENTRY--TOPICAL TERM
Topical term or geographic name as entry element Jayaratna Kumaraya
650 ## - SUBJECT ADDED ENTRY--TOPICAL TERM
Topical term or geographic name as entry element Pahan Taru Kumariya
Holdings
Withdrawn status Lost status Damaged status Not for loan Collection code Permanent Location Current Location Date acquired Full call number Barcode Koha item type
    Damaged   Monographs Library National Museum Colombo - Sri Lanka Library National Museum Colombo - Sri Lanka 2023-08-02 104 J 20 OB950 29 Books
Copyright © 2023 Department of National Museum, Colombo 07, Sri Lanka Funded by UNESCO IFAP UNESCO